000 01495cab a2200241 i 4500
001 768714001
003 CO-MdFUSB
005 20230404145730.0
008 180718s2003 gt ||||| |||| 00| 0 spa d
022 _a1014-9341
040 _aCO-MdFUSB
_bspa
_cCO-MdFUSB
_dCO-MdFUSB
041 _aspa
100 1 _aCarroll R., M. Daniel (Rodas)
_eautor
245 1 3 _aLa ética social de los profetas y su relevancia para América Latina hoy :
_bel aporte del estudio del trasfondo
_c/ M. Daniel Carroll Rodas
300 _aNúmero 33 (Julio - Diciembre, 2003), páginas 7-28
_c; 22 cm
520 _aLa investigación del trasfondo histórico, teológico, literario y sociológico de los mensajes éticos de los profetas ilumina el texto y coadyuva a la elaboración de una ética profética para el día de hoy. Los estudios sociológicos discuten, entre otras cosas, la posible ideología de la producción del material profético y el blanco de la crítica económica de los profetas. El artículo señala algunos aportes que una consideración de cada aspecto del trasfondo puede contribuir al estudio de la ética profética y su contextualización hoy.
546 _aEspañol
630 0 7 _aBiblia.
_pProfetas
_xCrítica, interpretación, etc.
630 7 _aBiblia.
_pProfetas
_xEtica
773 0 _tKairós
_049489
_961229
_gNúmero 33 (julio-diciembre, 2003), páginas 7-28
_qPágina 7
773 0 _tKairós
_049489
_981319
_gNúmero 33 (julio-diciembre, 2003), páginas 7-28
_qPágina 7
942 _cANA
999 _c61447
_d61447